MARC details
| 000 -LEADER |
| fixed length control field |
02401nam a22003617a 4500 |
| 001 - CONTROL NUMBER |
| control field |
102126 |
| 003 - CONTROL NUMBER IDENTIFIER |
| control field |
KnowledgeUnlatched |
| 005 - DATE AND TIME OF LATEST TRANSACTION |
| control field |
20210303105250.0 |
| 006 - FIXED-LENGTH DATA ELEMENTS--ADDITIONAL MATERIAL CHARACTERISTICS |
| fixed length control field |
m o d |
| 007 - PHYSICAL DESCRIPTION FIXED FIELD--GENERAL INFORMATION |
| fixed length control field |
cr u|||||||||| |
| 008 - FIXED-LENGTH DATA ELEMENTS--GENERAL INFORMATION |
| fixed length control field |
210129p20112019ne o u00| u eng d |
| 037 ## - SOURCE OF ACQUISITION |
| Institution to which field applies |
BiblioBoard |
| 020 ## - INTERNATIONAL STANDARD BOOK NUMBER |
| International Standard Book Number |
9789027286833 |
| 024 8# - OTHER STANDARD IDENTIFIER |
| Standard number or code |
10.1075/sihols.116 |
| 029 1# - OTHER SYSTEM CONTROL NUMBER (OCLC) |
| OCLC library identifier |
https://library.biblioboard.com/ext/api/media/6ab20cdc-b65a-4eba-a0d2-d79cfc7c71db/assets/thumbnail.jpg |
| 040 ## - CATALOGING SOURCE |
| Original cataloging agency |
ScCtBLL |
| Transcribing agency |
ScCtBLL |
| 100 1# - MAIN ENTRY--PERSONAL NAME |
| Personal name |
Tomalin, Marcus |
| Relator term |
author. |
| 245 00 - TITLE STATEMENT |
| Title |
"And he knew our language" |
| Remainder of title |
Missionary Linguistics on the Pacific Northwest Coast / |
| Statement of responsibility, etc. |
Marcus Tomalin. |
| 264 #1 - PRODUCTION, PUBLICATION, DISTRIBUTION, MANUFACTURE, AND COPYRIGHT NOTICE |
| Name of producer, publisher, distributor, manufacturer |
John Benjamins Publishing Company, |
| 300 ## - PHYSICAL DESCRIPTION |
| Extent |
1 online resource (218 p.) |
| 506 0# - RESTRICTIONS ON ACCESS NOTE |
| Terms governing access |
Access copy available to the general public. |
| Standardized terminology for access restriction |
Unrestricted |
| Source of term |
star |
| 520 ## - SUMMARY, ETC. |
| Summary, etc. |
This ambitious and ground-breaking book examines the linguistic studies produced by missionaries based on the Pacific Northwest Coast of North America (and particularly Haida Gwaii) during the late nineteenth and early twentieth centuries. Making extensive use of unpublished archival materials, the author demonstrates that the missionaries were responsible for introducing many innovative and insightful grammatical analyses. Rather than merely adopting Graeco-Roman models, they drew extensively upon studies of non-European languages, and a careful exploration of their scripture translations reveal the origins of the Haida sociolect that emerged as a result of the missionary activity. The complex interactions between the missionaries and anthropologists are also discussed, and it is shown that the former sometimes anticipated linguistic analyses that are now incorrectly attributed to the latter. |
| 588 0# - SOURCE OF DESCRIPTION NOTE |
| Source of description note |
Description based on print version record. |
| 590 ## - LOCAL NOTE (RLIN) |
| Local note |
KU Select 2018: HSS Backlist Books |
| 650 #7 - SUBJECT ADDED ENTRY--TOPICAL TERM |
| Topical term or geographic name entry element |
Language Arts & Disciplines / Linguistics |
| Source of heading or term |
bisacsh |
| 650 #0 - SUBJECT ADDED ENTRY--TOPICAL TERM |
| Topical term or geographic name entry element |
Language arts |
| 655 #0 - INDEX TERM--GENRE/FORM |
| Genre/form data or focus term |
Electronic books. |
| 758 ## - |
| -- |
Is found in: |
| -- |
Knowledge Unlatched |
| -- |
https://openresearchlibrary.org/module/2774bc74-146a-484f-a7ba-ab1d6a09bbfb |
| 856 40 - ELECTRONIC LOCATION AND ACCESS |
| Uniform Resource Identifier |
<a href="https://openresearchlibrary.org/content/6ab20cdc-b65a-4eba-a0d2-d79cfc7c71db">https://openresearchlibrary.org/content/6ab20cdc-b65a-4eba-a0d2-d79cfc7c71db</a> |
| Public note |
View this content on Open Research Library. |
| -- |
0 |